00458nam a2200157 a 450000100100000000500170001000800410002704000250006808200150009310000190010824500460012724600250017326000320019830000280023050000420025800001565820200929164116.0100217s1972 mx a 000 0 spa d aDO-SdBNPbspacBNPHU axxxbP328t1 aPaulino, Aliro10aDoces temas de México /cAliro Paulino.12a12 temas de México aMéxico :b[s. n.],c1972. a116 p. :bil. ;c28 cm. aIncluye datos biográficos del autor